Statistics for Bayern Munich Top 10 Players of All-Time

Click here to take the quiz!

General Stats

  • This quiz has been taken 356 times
  • The average score is 6 of 10

Answer Stats

Answer% Correct
Gerd Müller
96%
Arjen Robben
89%
Franck Ribéry
86%
Franz Beckenbauer
76%
Oliver Kahn
71%
Philipp Lahm
71%
Bastian Schweinsteiger
59%
Karl-Heinz Rummenigge
44%
Sepp Maier
34%
Klaus Augenthaler
9%

Score Distribution

Percentile by Number Answered

Percent of People with Each Score

Your Score History

You have not taken this quiz